Flags that contain Red and Green - Sudden Death - Statistics

General Stats
  • This quiz has been taken 696 times
  • The average score is 7 of 17
Answers on the Grid
Answers color-coded by a green-red scale on the quiz's grid according to % correct below.
Angola
Antigua and Barbuda
Armenia
Azerbaijan
Brazil
Brunei
Bulgaria
Cameroon
Canada
Central African Republic
Chile
Comoros
Dominica
Eswatini
Fiji
Finland
France
Gabon
Germany
Honduras
Iran
Iraq
Ireland
Mauritania
Mauritius
Myanmar
Senegal
Seychelles
Spain
Syria
Trinidad and Tobago
Turkey
Uganda
Vanuatu
 
Answer Stats
Answer % Correct
Bulgaria
65%
Cameroon
58%
Iran
58%
Central African Republic
53%
Azerbaijan
49%
Seychelles
48%
Senegal
46%
Syria
43%
Mauritania
41%
Comoros
40%
Mauritius
40%
Dominica
37%
Iraq
36%
Myanmar
33%
Vanuatu
29%
Fiji
12%
Spain
12%
No matching quizzes found
Score Distribution
Percent of People with Each Score
Percentile by Number Answered
Your Score History
You have not taken this quiz